000 00360nam a22001457a 4500
008 221122b ||||| |||| 00| 0 eng d
020 _a9781584260738
041 _aeng
080 _a159.9
082 _a159.9
100 _a25
101 _aPSI
245 _aFUNDAMENTALS OF LAW HEALTH INFORMATICS AND INFORMATION MANAGEMENT
_cBRODNIK S.M
942 _2udc
_cBK
999 _c59001
_d59001